000 00783nam a2200229Ii 4500
003 JO-AjNU
008 230605s9999||||xx |||||||||||||| ||und||
017 _a1647/2012
020 _a978-977-04-6930-6
040 _aJO-AjNU
_bara
_erda
_cJO-AjNU
041 _aara
050 1 4 _aKZA1660.2012
100 3 _aالمري، راشد فهيد,
_eauthor
_964417
245 0 0 _aالنظام القانوني للجرف القاري: دراسة تطبيقية على منطقة الخليج العربي
250 _aط2
264 3 1 _aالقاهرة: دار النهضة العربية، 2012
300 _a716ص
336 _atext
_btxt
_2rdacontent
337 _aunmediated
_bn
_2rdamedia
338 _avolume
_bnc
_2rdacarrier
650 4 _aالجرف القاري-قانون
_964418
999 _aA29356
_c32924
_d32924